00444nam a2200109 a 4500008004100000050001900041100002200060245009600082260011100178350000900289650003600298070521s2006 ||||||||||||||||| || u aTHESIS/STUDENT aChikopyo, Mulenga10aSolid waste management system in the city of KitwecThesis supervised by Mr. Francis Muwowo aKitwebCopperbelt University, School of Built Environment, Department of Urban and Regional Planningc2006 a0.00 aWASTE MANAGEMENT--KITWE--ZAMBIA